|
|
|
|
| LEADER |
00000nab a2200000 a 4500 |
| 001 |
vtls000173390 |
| 003 |
SK-MaSNL |
| 005 |
20260304071231.0 |
| 008 |
250422c1984 xo 0 slo |
| 015 |
|
|
|a SNBRB19rr/mm-uuuuu
|
| 035 |
|
|
|a CL0183502
|
| 035 |
|
|
|a urn:nbn:sk:snk-ab2oyo
|
| 035 |
|
|
|a (urnnbn)urn:nbn:sk:snk:ar-a02pqq
|
| 035 |
|
|
|a (uuid)8ca594ac-b228-4754-ad92-afc1893bec23
|
| 040 |
|
|
|a SNKBUCL
|b slo
|c SNKBUCL
|e AACR2
|
| 041 |
0 |
|
|a slo
|
| 044 |
|
|
|a xo
|c SK
|
| 080 |
|
|
|a 631.173:631.3
|2 1981
|
| 080 |
|
|
|a 631.3
|2 1981
|
| 100 |
1 |
|
|a Kováč, Milan
|4 aut
|9 279247
|
| 245 |
1 |
0 |
|a Hodnotenie výkonov v prevádzkach strojového hospodárstva poľnohospodárskych podnikov
|c Milan Kováč
|
| 300 |
|
|
|b Tb. 4.
|
| 650 |
0 |
7 |
|a technika poľnohospodárska
|2 snkbucl
|9 849424
|
| 650 |
0 |
7 |
|a ekonomika
|2 snkbucl
|9 789
|
| 655 |
|
7 |
|a články z novín a časopisov
|2 snkbucl
|9 267496
|
| 773 |
0 |
|
|t Ekonomika poľnohospodárstva
|g Roč. 23, č. 2 (1984), s. 64-66
|
| 850 |
|
|
|a Slovenská národná knižnica
|
| 852 |
|
|
|a Slovenská národná knižnica
|
| 954 |
|
|
|a odborná, vedecká literatúra pôvodná (slovenská)
|2 lita
|
| 958 |
|
|
|a article27
|
| 958 |
|
|
|a RK
|
| 958 |
|
|
|a OND
|
| 958 |
|
|
|a EUIPO
|
| 992 |
|
|
|a RBX
|
| 999 |
|
|
|c 2759533
|d 2761463
|